000 00672nam a2200217Ia 4500
003 GCL
008 140319s9999 xx 000 0 ara d
040 _aGCL /
_cGCL
082 0 4 _a551.4608
_bا خ
100 1 _aارمسترنج، ب . هـ
245 1 0 _aخامات من البحر /
_cارمسترنج، ب . هـ
700 1 _aعبدالفتاح اسماعيل
700 1 _aميال, ماكنزى
700 1 _aحسن خالد (مترجم)
300 _a234 ص
490 _aالالف كتاب
_v0
650 0 4 _aالبحار والمحيطات
650 0 4 _aالثروة المائية
650 0 4 _aالاكتشافات تحت الماء
942 _2ddc
_cBK
999 _c42900
_d42900